| 000 | 01211cam a22003737a 4500 | ||
|---|---|---|---|
| 003 | CHAP | ||
| 005 | 20220817043727.0 | ||
| 008 | 001110d2000 mx r 00110 esp d | ||
| 010 | _a82786 | ||
| 011 | _a83758 | ||
| 035 | _a94274 | ||
| 040 | _cCHAP | ||
| 082 | 0 | 4 |
_a634.61 _bC2 |
| 111 | 0 | 0 |
_aCongreso Nacional de Anonáceas _n(1 : _d2000 : _cChapingo, Méx.) |
| 245 | 1 | 0 | _aMemorias |
| 260 |
_aChapingo, México : _bUACH, _c2000. |
||
| 300 |
_a143 p. : _bcuads.; gráfs. |
||
| 590 |
_aBATCH-UPD _b10 _c20130110 _lUCH01 _h0720 |
||
| 590 |
_aBATCH-UPD _b10 _c20130410 _lUCH01 _h0405 |
||
| 590 |
_aBATCH-UPD _b10 _c20130914 _lUCH01 _h0342 |
||
| 590 |
_aCONVERSION _b10 _c20130109 _lUCH01 _h1346 |
||
| 650 | 1 | 4 |
_aAnnona diversifolia. _95943 |
| 650 | 1 | 4 |
_aAnnona purpurea. _95945 |
| 650 | 1 | 4 |
_aAnonáceas _xCongresos. _96007 |
| 650 | 1 | 4 |
_aChirimoya. _922608 |
| 650 | 1 | 4 |
_aDurazno. _934570 |
| 650 | 1 | 4 |
_aGuanábana. _950993 |
| 901 | _aBK | ||
| 905 | _aEdna Luz | ||
| 942 | _cLIBRO | ||
| 949 |
_a634.61 C2 _bBC _cLIBRO _d33724002020116 _eLIBRO _fc.2 _h99046 _i94274 _sb |
||
| 949 |
_a634.61 C2 _bBC _cLIBRO _d33724002020157 _eLIBRO _h99045 _i94274 _si |
||
| 949 |
_a634.61 C2 _bBC _cUACH _d33724000803185 _eUACH _fc.3 _h99047 _i94274 _sb |
||
| 999 |
_c82786 _d82786 |
||